| 000 | 00549nam a22001817a 4500 | ||
|---|---|---|---|
| 003 | OSt | ||
| 005 | 20130529133312.0 | ||
| 008 | 130529s2006 sp ||||| |||| 00| 0 spa d | ||
| 040 | _cCDMR | ||
| 100 | 1 |
_93565 _aPardo Bazán, Emilia |
|
| 245 | 1 | 0 |
_aPeriodista de hoy _cedición a cargo de Carlos Dorado |
| 260 |
_aMadrid _bAsociación de la Prensa de Madrid _c2006 |
||
| 300 | _a142 p. | ||
| 600 | 1 |
_93565 _aPardo Bazán, Emilia _vRecull d'escrits |
|
| 650 | 0 | 4 |
_92913 _aDones periodistes _zEspanya |
| 700 | 1 |
_93566 _aDorado, Carlos _eed. |
|
| 942 |
_2udc _cMON |
||
| 999 |
_c6348 _d6348 |
||